Volcanoes
Bewaard in:
| Hoofdauteurs: | , |
|---|---|
| Formaat: | Boek |
| Taal: | Engels |
| Gepubliceerd in: |
Londres
Orbis
1976
|
| Onderwerpen: | |
| Tags: |
Voeg label toe
Geen labels, Wees de eerste die dit record labelt!
|
MARC
| LEADER | 00000nam a2200000 a 4500 | ||
|---|---|---|---|
| 001 | UCU4583 | ||
| 003 | CL-VaPUC | ||
| 008 | 960524e19760000UK |||||||||||||||||eng|d | ||
| 082 | 0 | 4 | |a 551.21 |b RIT |2 21 |
| 100 | 0 | |a Rittmann, A |e author |9 362263 | |
| 700 | 0 | |a Rittmann, L |e author |9 362264 | |
| 245 | 1 | 0 | |a Volcanoes |
| 300 | |a 128 p | ||
| 942 | |c BK | ||
| 945 | |d 19960524 00:00:00 |a cmena | ||
| 260 | |a Londres |b Orbis |c 1976 | ||
| 650 | 0 | |a Volcanes |9 344502 | |
| 650 | 0 | |a Vulcanología |9 360597 | |
| 650 | 0 | |a Erupciones volcánicas |9 361520 | |
| 650 | 0 | |a Geomorfología |9 261377 | |
| 650 | 7 | |a GEOLOGIA APLICADA |2 CL-VaPUC |9 262496 | |
| 583 | |a last modification |c 19960524 00:00:00 |k Rodrigo Vera | ||
| 999 | |c 248257 |d 248255 | ||
| 952 | |0 0 |1 0 |4 0 |6 551_210000000000000_RIT_1976 |7 0 |8 A |9 264758 |a BIBING |b BIBING |d 2019-11-19 |i 1666932 |o 551.21 RIT 1976 |p 1666932 |r 2025-01-20 |w 2019-11-19 |y BK |k GEO | ||